• 首页
  • 本馆介绍
  • 公告通知
  • 最新文献
  • 馆藏检索
  • 电子资源
  • 读者导购
  • 参考咨询
  • 我的图书馆
  • 登录
  • 详细信息显示
  • 放入我的书架
  • 预约/预借图书
  • 作者相关作品
  • 分类相关作品
  • 丛书相关作品
  • 出版社相关作品

书目信息

  • 表格格式
  • 工作单格式
  • 卡片格式
题名:
变频器、可编程序控制器及触摸屏综合应用技术实操指导书
    
 
作者: 吴启红 主编
分册:  
出版信息: 北京   机械工业出版社  2018.02
页数: 249页
开本: 26cm
丛书名: 高技能人才培养系列丛书
单 册:
中图分类: TN773
科图分类:
主题词: 变频器--bian pin qi--技术培训--教材 , 可编程序控制器--ke bian cheng xu kong zhi qi--技术培训--教材 , 触摸屏--chu mo ping--技术培训--教材
电子资源:
ISBN: 978-7-111-59091-0
000 01330nam 2200301 450
001 0106081920
005 20201109093437.79
010    @a978-7-111-59091-0@dCNY59.90
100    @a20180612e20202018em y0chiy50 ea
101 0  @achi
102    @aCN@b110000
105    @aa z 000yy
106    @ar
200 1  @a变频器、可编程序控制器及触摸屏综合应用技术实操指导书@Abian pin qi、ke bian cheng xu kong zhi qi ji chu mo ping zong he ying yong ji shu shi cao zhi dao shu@f吴启红主编
205    @a3版
210    @a北京@c机械工业出版社@d2018.02@h2020.03
215    @a249页@c图@d26cm
225 2  @a高技能人才培养系列丛书@Agao ji neng ren cai pei yang xi lie cong shu@i技师培训教程系列
330    @a本书共分6个模块,以任务的形式讲述了三菱变频器应用控制技术、FX系列PLC应用设计技术(入门篇)、FX系列PLC应用设计技术(提高篇)、三菱触摸屏应用控制技术、FX系列产品综合应用设计技术(精通篇)和FX系列PLC简单通信设计技术,配套任务24个。
461  0 @12001 @a高技能人才培养系列丛书
462  0 @12001 @a技师培训教程系列
606 0  @a变频器@Abian pin qi@x技术培训@j教材
606 0  @a可编程序控制器@Ake bian cheng xu kong zhi qi@x技术培训@j教材
606 0  @a触摸屏@Achu mo ping@x技术培训@j教材
690    @aTN773@v5
701  0 @a吴启红@Awu qi hong@c(技师)@4主编
801  0 @aCN@bBJSZM@c20201106
905    @b1194656-9@dTN773@e124=3@f4
    
    变频器、可编程序控制器及触摸屏综合应用技术实操指导书/吴启红主编.-3版.-北京:机械工业出版社,2018.02(2020.03)
    249页:图;26cm.-(高技能人才培养系列丛书.技师培训教程系列)
    
    
    ISBN 978-7-111-59091-0:CNY59.90
    本书共分6个模块,以任务的形式讲述了三菱变频器应用控制技术、FX系列PLC应用设计技术(入门篇)、FX系列PLC应用设计技术(提高篇)、三菱触摸屏应用控制技术、FX系列产品综合应用设计技术(精通篇)和FX系列PLC简单通信设计技术,配套任务24个。
●
相关链接 在E读中查询图书 在五车中查询图书 在当当中查询图书 在豆瓣中查询图书


正题名:变频器、可编程序控制器及触摸屏综合应用技术实操指导书     索取号:TN773/124=3         预约/预借

序号 登录号 条形码 馆藏地/架位号 状态 备注
1 1194656   211946563   第二样本阅览室/ [索取号:TN773/124=3] 在馆    
2 1194657   211946572   第三借阅区/ [索取号:TN773/124=3] 在馆    
3 1194658   211946581   第三借阅区/ [索取号:TN773/124=3] 在馆    
4 1194659   211946590   第三借阅区/ [索取号:TN773/124=3] 在馆    
唐山师范学院图书馆 欢迎您!
大连网信软件有限公司© 版权所有